Nadopuni Stih - Sve još miriše na nju - Statistics

General Stats
  • This quiz has been taken 486 times
  • The average score is 8 of 10
Answer Stats
Hint Answer % Correct
Ne pitaj me noćas ništa pusti __ __ _____Ja noćas trebam mir me da šutim
87%
Sve još miriše na nju, i dan, i jutro što će doćiNakon ove noći, ____ ___ ___ noći bez sna
87%
U mojim venama još __ _____ ______Još je doza prejaka je njenog otrova
86%
I sada mamurna pita ____ __ ______Gdje je mladost nestala gdje je utjeha
80%
Idu dani ja ih pratim, ponekad __ ____ _______Dušo tražim zaborav do tebe svratim
77%
A tebe ljubim, __ __ ______Da zaboravim da ne poludim
74%
I _______ ______ da ih brojim u samoći Otkako je otišla dvjesto godina
72%
Stare rane opet peku moje _____ ____ ____, dušoTi nemaš ništa s tim bitke dalje teku
70%
Sa tvojeg izvora moja se duša napilaŽedna ______ ______ tvojih godina
70%
Molim sate da se vrate _________ _____ _____ Tiho kao da je tu tragovima njenim hodam
54%
No matching quizzes found
Score Distribution
Percent of People with Each Score
Percentile by Number Answered
Your Score History
You have not taken this quiz